Los productores directos en el siglo del café /

Gardado en:
Detalles Bibliográficos
Autor Principal: Samper Kutschbach, Mario
Formato: Texto
Etiquetas: Engadir etiqueta
Sen Etiquetas, Sexa o primeiro en etiquetar este rexistro!

MARC

LEADER 00000 a a2200000 04500
001 15715
003
040
100 |a Samper Kutschbach, Mario  
245 |a Los productores directos en el siglo del café /  |c Mario Samper Kutschbach 
773 |g número 7; páginas 123-210  
999 |c 24730  |d 24730